Full circle
| Main Author: | Steel, Danielle |
|---|---|
| Published: |
London:
Warner Books,
1994.
|
| Subjects: |
| LEADER | 00399cam a2200145 7i4500 | ||
|---|---|---|---|
| 001 | 0000007678 | ||
| 005 | 20150909090000.0 | ||
| 020 | |a 0751505447 (a) | ||
| 090 | 0 | 0 | |a F |b STE 1994 |
| 100 | 1 | |a Steel, Danielle | |
| 245 | 1 | 0 | |a Full circle |c Danielle Steel. |
| 260 | |a London: |b Warner Books, |c 1994. | ||
| 300 | |a 347 p.; |c 18 cm. | ||
| 650 | 0 | 0 | |a English fiction |
| 999 | |a 0000012261 |b BOK |c OPEN SHELF |e 2nd Floor, Shah Alam | ||


